[Event "XXVe Open de Metz"]
[Site "Metz"]
[Date "2007.04.16"]
[Round "3.1"]
[White "Gladyszev, Oleg"]
[Black "Fedorchuk, Sergey A"]
[Result "0-1"]
[WhiteElo "2485"]
[BlackElo "2603"]
[PlyCount "74"]
[EventDate "2007.04.16"]

1. d4 Nf6 2. c4 e6 3. Nc3 Bb4 4. Qc2 O-O 5. a3 Bxc3+ 6. Qxc3 b6 7. Nf3 Bb7 8.
e3 c5 9. Be2 d5 10. b4 cxd4 11. Qxd4 Nc6 12. Qb2 Rc8 13. cxd5 Qxd5 14. O-O Rfd8
15. Bd2 Ne5 16. Qxe5 Qxe5 17. Nxe5 Rxd2 18. Bf3 Nd5 19. Rfc1 Rdc2 20. Rxc2 Rxc2
21. Bd1 Rc7 22. Kf1 Kf8 23. Nf3 Ke7 24. Nd4 e5 25. Ne2 g6 26. Ke1 f5 27. Bb3
Nf6 28. f3 e4 29. f4 Bd5 30. Rb1 Bxb3 31. Rxb3 Nd5 32. Kd2 Rd7 33. Ke1 b5 34.
g3 a6 35. Kf2 Rc7 36. Rb2 Nc3 37. Rc2 Nd1+ 0-1

[Event "XXVe Open de Metz"]
[Site "Metz"]
[Date "2007.04.16"]
[Round "3.2"]
[White "Krivoshey, Sergei"]
[Black "Burmakin, Vladimir"]
[Result "1/2-1/2"]
[WhiteElo "2475"]
[BlackElo "2593"]
[PlyCount "42"]
[EventDate "2007.04.16"]

1. d4 d5 2. Nf3 e6 3. c4 Nf6 4. Nc3 Be7 5. cxd5 exd5 6. Bg5 c6 7. e3 Bf5 8. Bd3
Bxd3 9. Qxd3 Nbd7 10. O-O O-O 11. h3 Ne8 12. Bxe7 Qxe7 13. Rfe1 Nd6 14. Rab1
Rfe8 15. b3 Nf6 16. Ne5 Nd7 17. Nxd7 Qxd7 18. Rec1 Rac8 19. Na4 Qf5 20. Qxf5
Nxf5 21. Nc5 Nd6 1/2-1/2

[Event "XXVe Open de Metz"]
[Site "Metz"]
[Date "2007.04.16"]
[Round "3.3"]
[White "Guliyev, Namig"]
[Black "Gharamian, Tigran"]
[Result "1/2-1/2"]
[WhiteElo "2590"]
[BlackElo "2471"]
[PlyCount "54"]
[EventDate "2007.04.16"]

1. e4 c5 2. Nf3 d6 3. d4 cxd4 4. Nxd4 Nf6 5. Nc3 a6 6. Be3 e5 7. Nf3 Be7 8. Bc4
O-O 9. O-O Qc7 10. Qe2 b5 11. Bd5 Bb7 12. Rfd1 h6 13. a4 b4 14. Na2 a5 15. c3
Nxd5 16. exd5 Ba6 17. Qe1 b3 18. Nc1 Bc4 19. Nd2 Bxd5 20. Ndxb3 Qb7 21. Nxa5
Rxa5 22. c4 Bxg2 23. Qxa5 Qf3 24. Qd5 e4 25. Ne2 Bh3 26. Nf4 Qg4+ 27. Kh1 Qf3+
1/2-1/2

[Event "XXVe Open de Metz"]
[Site "Metz"]
[Date "2007.04.16"]
[Round "3.4"]
[White "Sulava, Nenad"]
[Black "Petkov, Vladimir"]
[Result "0-1"]
[WhiteElo "2549"]
[BlackElo "2456"]
[PlyCount "77"]
[EventDate "2007.04.16"]

1. Nf3 Nf6 2. c4 e6 3. Nc3 d5 4. d4 Bb4 5. Qa4+ Nc6 6. e3 O-O 7. Bd2 Qe7 8. a3
Bxc3 9. Bxc3 Ne4 10. Qc2 a5 11. Bd3 f5 12. O-O Bd7 13. Rac1 a4 14. cxd5 exd5
15. Bb5 Rf6 16. Bxa4 f4 17. Bb3 Be6 18. exf4 Rxf4 19. Ne1 Qg5 20. Nd3 Rf3 21.
Kh1 Rxd3 22. f4 Qg6 23. f5 Bxf5 24. Bxd5+ Kh8 25. Bf7 Qg5 26. Qxd3 Nf2+ 27.
Rxf2 Bxd3 28. Re1 Qh4 29. g3 Qg5 30. d5 Bc4 31. h4 Qxg3 32. Rg1 Qxh4+ 33. Rh2
Qe4+ 34. Rhg2 Nd4 35. Re1 Qh4+ 36. Rh2 Qxh2+ 37. Kxh2 Nf3+ 38. Kg3 Nxe1 39.
Bxe1 0-1

[Event "XXVe Open de Metz"]
[Site "Metz"]
[Date "2007.04.16"]
[Round "3.5"]
[White "Haub, Thorsten-Michael"]
[Black "Savchenko, Stanislav"]
[Result "1/2-1/2"]
[WhiteElo "2468"]
[BlackElo "2545"]
[PlyCount "38"]
[EventDate "2007.04.16"]

1. e4 c5 2. a3 g6 3. Bc4 Bg7 4. f4 Nc6 5. Nf3 e6 6. Nc3 Nge7 7. O-O d5 8. Ba2
dxe4 9. Nxe4 O-O 10. Kh1 b6 11. Rb1 a5 12. d3 Bb7 13. Nfd2 Qc7 14. Nc4 Rad8 15.
Bd2 Nd5 16. Qe1 h6 17. Ne5 Rfe8 18. Ng4 h5 19. Ne5 f5 1/2-1/2

[Event "XXVe Open de Metz"]
[Site "Metz"]
[Date "2007.04.16"]
[Round "3.6"]
[White "Wirig, Anthony"]
[Black "Sikula, Vaszilij"]
[Result "1-0"]
[WhiteElo "2443"]
[BlackElo "2536"]
[PlyCount "63"]
[EventDate "2007.04.16"]

1. e4 c5 2. Nf3 e6 3. d4 cxd4 4. Nxd4 a6 5. Bd3 Bc5 6. Nb3 Be7 7. Qg4 g6 8. Qe2
d6 9. O-O Nd7 10. Na3 b6 11. Nc4 Qc7 12. a4 Bb7 13. a5 b5 14. Nb6 Nxb6 15. axb6
Qxb6 16. Na5 Bc8 17. c4 b4 18. e5 dxe5 19. Qxe5 f6 20. Qe4 Ra7 21. Be3 Bc5 22.
Nb3 Bxe3 23. fxe3 a5 24. c5 Qc7 25. Nd4 f5 26. Qh4 Ba6 27. Rfd1 Bxd3 28. Rxd3
Qxc5 29. Nxe6 Qe5 30. Rad1 Re7 31. Rd8+ Kf7 32. Rf8+ 1-0

[Event "XXVe Open de Metz"]
[Site "Metz"]
[Date "2007.04.16"]
[Round "3.7"]
[White "Shchekachev, Andrei"]
[Black "Boidman, Yuri"]
[Result "0-1"]
[WhiteElo "2530"]
[BlackElo "2438"]
[PlyCount "66"]
[EventDate "2007.04.16"]

1. Nf3 d5 2. d3 Nc6 3. g3 e5 4. Bg2 Nf6 5. O-O Be7 6. a3 a5 7. Nc3 O-O 8. e4
dxe4 9. dxe4 Bg4 10. Be3 Qc8 11. Qb1 Rd8 12. Bg5 Bxf3 13. Bxf3 Nd4 14. Bg2 c6
15. f4 h6 16. Bxf6 Bxf6 17. Rf2 Qc7 18. f5 Qb6 19. Nd1 Rd7 20. Kh1 Rad8 21. Rf1
Bg5 22. Nf2 Nxc2 23. Qxc2 Rd2 24. Qc3 Rxf2 25. Rxf2 Qxf2 26. Rf1 Qe2 27. h4 Rd2
28. Qf3 Be3 29. b3 Qxf3 30. Rxf3 Rd3 31. Bf1 Rxb3 32. a4 Rb1 33. Kg2 Bd4 0-1

[Event "XXVe Open de Metz"]
[Site "Metz"]
[Date "2007.04.16"]
[Round "3.8"]
[White "Kosten, Anthony C"]
[Black "Prasad, Devaki V"]
[Result "1/2-1/2"]
[WhiteElo "2517"]
[BlackElo "2413"]
[PlyCount "85"]
[EventDate "2007.04.16"]

1. c4 e5 2. Nc3 Nf6 3. Nf3 Nc6 4. g3 Nd4 5. Bg2 Nxf3+ 6. Bxf3 Bb4 7. Qb3 Qe7 8.
O-O c6 9. d3 O-O 10. Bg5 Bxc3 11. Qxc3 h6 12. Bxf6 Qxf6 13. Rfd1 d6 14. d4 Bf5
15. dxe5 dxe5 16. Rd2 Rfd8 17. Rad1 Rxd2 18. Rxd2 Qe7 19. e4 Bh3 20. Be2 Re8
21. c5 Qg5 22. b4 h5 23. Rd6 h4 24. a4 a6 25. Qd2 Qxd2 26. Rxd2 hxg3 27. hxg3
Be6 28. f4 exf4 29. gxf4 Bb3 30. Rd7 g5 31. Bd3 gxf4 32. Rxb7 Bxa4 33. Kf2 Bb5
34. Bxb5 axb5 35. Kf3 Kg7 36. Kxf4 Re6 37. Rd7 Rf6+ 38. Ke5 Re6+ 39. Kd4 Rf6
40. Ke3 Rg6 41. Kf4 Rf6+ 42. Kg4 Re6 43. Kf4 1/2-1/2

[Event "XXVe Open de Metz"]
[Site "Metz"]
[Date "2007.04.16"]
[Round "3.9"]
[White "Shirazi, Kamran"]
[Black "Abergel, Thal"]
[Result "1-0"]
[WhiteElo "2424"]
[BlackElo "2498"]
[PlyCount "80"]
[EventDate "2007.04.16"]

1. d4 d5 2. Nc3 Nf6 3. Bg5 c6 4. f3 Qb6 5. Bc1 Bf5 6. e4 dxe4 7. g4 Bg6 8. g5
Nd5 9. Nxe4 e5 10. c4 Bb4+ 11. Kf2 f5 12. c5 Qa5 13. Nd6+ Kf8 14. a3 exd4 15.
Nc4 Qxc5 16. axb4 Nxb4 17. b3 b5 18. Ra5 Qe7 19. Bf4 bxc4 20. Qxd4 c5 21. Rxc5
N8c6 22. Qxc4 Qd7 23. Nh3 Bf7 24. Qc1 Bxb3 25. Bb5 Ba4 26. Qb1 Bxb5 27. Rxf5+
Ke8 28. Rxb5 Qd4+ 29. Kg3 Nd3 30. Rd1 Rd8 31. Rb3 Nce5 32. Rb8 Rf8 33. Rxd8+
Kxd8 34. Qb8+ Ke7 35. Qc7+ Ke6 36. Qxg7 Rxf4 37. Qg8+ Rf7 38. Qe8+ Kf5 39. Qc8+
Qd7 40. Qc2 Kg6 1-0

[Event "XXVe Open de Metz"]
[Site "Metz"]
[Date "2007.04.16"]
[Round "3.11"]
[White "Malakhatko, Vadim"]
[Black "Pytel, Krzysztof"]
[Result "1-0"]
[WhiteElo "2598"]
[BlackElo "2396"]
[PlyCount "97"]
[EventDate "2007.04.16"]

1. d4 f5 2. Nc3 d5 3. Bf4 a6 4. e4 fxe4 5. Qh5+ g6 6. Qxd5 Nf6 7. Qxd8+ Kxd8 8.
h3 b5 9. g4 Bb7 10. Bg2 b4 11. Nd1 Nc6 12. Ne3 Bg7 13. O-O-O Rf8 14. Ne2 Kc8
15. h4 e6 16. Bg3 a5 17. g5 Nh5 18. Bxe4 Ne7 19. Bxb7+ Kxb7 20. Rhe1 Rad8 21.
c3 Nd5 22. Nxd5 Rxd5 23. Ng1 bxc3 24. bxc3 Nxg3 25. fxg3 e5 26. Re4 Rfd8 27.
Ne2 exd4 28. cxd4 R8d7 29. Kc2 c5 30. Rb1+ Kc6 31. Re6+ R5d6 32. Rxd6+ Rxd6 33.
dxc5 Rd5 34. Rb6+ Kc7 35. Rb5 Re5 36. Nf4 Bf8 37. Rxa5 Kc6 38. Ra6+ Kb5 39.
Rb6+ Kxc5 40. Rf6 Re3 41. Rxf8 Rxg3 42. Ne2 Rg2 43. Kd2 Rh2 44. Rf4 Kb5 45. a4+
Ka5 46. Ke1 Rh1+ 47. Kf2 Rh2+ 48. Kf1 Ka6 49. Nc3 1-0

[Event "XXVe Open de Metz"]
[Site "Metz"]
[Date "2007.04.16"]
[Round "3.12"]
[White "Sandu, Mihaela"]
[Black "Eingorn, Vereslav S"]
[Result "0-1"]
[WhiteElo "2226"]
[BlackElo "2588"]
[PlyCount "66"]
[EventDate "2007.04.16"]

1. e4 c5 2. Nf3 a6 3. Nc3 e6 4. d4 cxd4 5. Nxd4 Qc7 6. Bd3 Nf6 7. O-O Bc5 8.
Nb3 Ba7 9. Kh1 Nc6 10. f4 d6 11. Qe2 Nd4 12. Nxd4 Bxd4 13. Be3 Bxc3 14. bxc3
Bd7 15. Rab1 Bc6 16. Bd4 Qe7 17. e5 Nd7 18. exd6 Qxd6 19. Be4 O-O 20. Qg4 f6
21. Bd3 e5 22. Qh3 g6 23. Be3 exf4 24. Rbd1 Qe7 25. Bc4+ Kh8 26. Bxf4 Ne5 27.
Rde1 g5 28. Bg3 Qg7 29. Be6 Rae8 30. Bf5 Ng6 31. Bd6 Nh4 32. Bxf8 Qxf8 33. Kg1
Qc5+ 0-1

[Event "XXVe Open de Metz"]
[Site "Metz"]
[Date "2007.04.16"]
[Round "3.13"]
[White "Kasparov, Sergey"]
[Black "Nguyen, Chi-Minh"]
[Result "1-0"]
[WhiteElo "2536"]
[BlackElo "2345"]
[PlyCount "85"]
[EventDate "2007.04.16"]

1. d4 e6 2. c4 Nf6 3. Nc3 Bb4 4. e3 Bxc3+ 5. bxc3 c5 6. Bd3 d6 7. Ne2 e5 8. e4
Nc6 9. d5 Ne7 10. O-O Ng6 11. f3 h5 12. Bg5 Qc7 13. Bc2 Nd7 14. Ba4 f6 15. Be3
Kd8 16. Bc2 Nb6 17. Bd3 Bd7 18. Qd2 Kc8 19. Rab1 Be8 20. Ng3 h4 21. Nf5 Nf8 22.
Qf2 Na4 23. Nxh4 g6 24. g3 g5 25. Nf5 Bd7 26. Bc2 Nxc3 27. Rb2 Na4 28. Bxa4
Bxa4 29. f4 gxf4 30. gxf4 Ng6 31. Kh1 Bd7 32. Rg1 Bxf5 33. exf5 Nxf4 34. Bxf4
exf4 35. Qxf4 Qe7 36. Rbg2 a6 37. Rg7 Qe5 38. Qxe5 fxe5 39. R1g6 Rd8 40. f6 Rf8
41. Re7 b5 42. f7 Kd8 43. Re8+ 1-0

[Event "XXVe Open de Metz"]
[Site "Metz"]
[Date "2007.04.16"]
[Round "3.14"]
[White "Zozulia, Anna"]
[Black "Lalic, Bogdan"]
[Result "1/2-1/2"]
[WhiteElo "2344"]
[BlackElo "2519"]
[PlyCount "28"]
[EventDate "2007.04.16"]

1. e4 c6 2. d4 d5 3. Nc3 dxe4 4. Nxe4 Bf5 5. Ng3 Bg6 6. Nf3 Nd7 7. Bd3 e6 8.
Ne4 Ngf6 9. Nxf6+ Nxf6 10. Bxg6 hxg6 11. Bf4 Bd6 12. Bxd6 Qxd6 13. Qd2 O-O 14.
O-O Rfd8 1/2-1/2

[Event "XXVe Open de Metz"]
[Site "Metz"]
[Date "2007.04.16"]
[Round "3.15"]
[White "Kalinitschew, Sergey"]
[Black "Bednarich, Jan"]
[Result "1-0"]
[WhiteElo "2488"]
[BlackElo "2259"]
[PlyCount "81"]
[EventDate "2007.04.16"]

1. d4 Nf6 2. Nf3 e6 3. c4 Nc6 4. g3 g6 5. Nc3 Bg7 6. d5 Ne7 7. e4 d6 8. Bg2 O-O
9. O-O a6 10. a4 Rb8 11. h3 h6 12. Be3 b6 13. Qd2 Kh7 14. b4 e5 15. c5 bxc5 16.
bxc5 Rb3 17. Rab1 Rxc3 18. Qxc3 Nxe4 19. Qc4 f5 20. cxd6 Nxd6 21. Qc5 Ne4 22.
Qc2 Nxd5 23. Bc5 Nxc5 24. Qxc5 e4 25. Rfd1 Be6 26. Nd4 Bg8 27. Rb7 Rf6 28. Ne2
Rb6 29. Rxb6 cxb6 30. Qc6 Qf6 31. Qb7 Qb2 32. Qxa6 Nb4 33. Qb5 Nd3 34. Qxb2
Nxb2 35. Ra1 Bb3 36. a5 Na4 37. Ra3 Bd1 38. a6 b5 39. a7 Nb6 40. Nc3 b4 41. Ra6
1-0

[Event "XXVe Open de Metz"]
[Site "Metz"]
[Date "2007.04.16"]
[Round "3.16"]
[White "Fosset, Francois"]
[Black "Kozhuharov, Spas"]
[Result "0-1"]
[WhiteElo "1997"]
[BlackElo "2433"]
[PlyCount "53"]
[EventDate "2007.04.16"]

1. e4 c5 2. Bc4 e6 3. Qe2 Nc6 4. c3 Nf6 5. Bb3 d5 6. e5 Nd7 7. f4 f6 8. Nf3
fxe5 9. fxe5 c4 10. Ba4 Bc5 11. b4 Bb6 12. d4 cxd3 13. Qxd3 O-O 14. Bxc6 bxc6
15. Be3 Rxf3 16. gxf3 Qh4+ 17. Kd1 Nxe5 18. Qe2 d4 19. Bf2 Qf6 20. Bxd4 Bxd4
21. cxd4 Nxf3 22. Nd2 Nxd4 23. Qe4 Ba6 24. b5 Bxb5 25. Rb1 Rd8 26. Ke1 Rd5 27.
Rf1 0-1

[Event "XXVe Open de Metz"]
[Site "Metz"]
[Date "2007.04.16"]
[Round "3.17"]
[White "Laurent, Bruno"]
[Black "Pytel, Bozena"]
[Result "1-0"]
[WhiteElo "2399"]
[BlackElo "1984"]
[PlyCount "111"]
[EventDate "2007.04.16"]

1. e4 e6 2. d4 d5 3. Nc3 dxe4 4. Nxe4 Nd7 5. Nf3 Ngf6 6. Bd3 Nxe4 7. Bxe4 Nf6
8. Bg5 Be7 9. Bd3 c5 10. dxc5 Qa5+ 11. c3 Qxc5 12. Qe2 Nd5 13. Bb5+ Bd7 14.
Bxd7+ Kxd7 15. Rd1 Ke8 16. Bc1 Rc8 17. O-O Qc4 18. Qe5 Bf6 19. Qd6 Qc5 20. Qg3
Qc7 21. Qh3 Nf4 22. Bxf4 Qxf4 23. Qh5 a6 24. Rfe1 g6 25. Qd5 Qc7 26. Nd4 Rd8
27. Qe4 Qe7 28. Nb3 Rxd1 29. Rxd1 Qc7 30. Qa4+ Kf8 31. g3 Kg7 32. Rd7 Qc8 33.
Nd4 Re8 34. Qd1 Re7 35. Rd6 Re8 36. Nb3 Re7 37. Qd3 h5 38. Nd2 Be5 39. Rd8 Qc7
40. Ne4 f5 41. Ng5 Qc6 42. h4 Bc7 43. Rd4 Be5 44. Rc4 Qd6 45. Qe3 Bf6 46. Rb4
e5 47. Rb6 Qd1+ 48. Kh2 f4 49. gxf4 exf4 50. Qf3 Qd7 51. Ne6+ Kf7 52. Nxf4 Qc7
53. Qd5+ Kg7 54. Rd6 Re5 55. Rd7+ Kh6 56. Qf7 1-0

[Event "XXVe Open de Metz"]
[Site "Metz"]
[Date "2007.04.16"]
[Round "3.18"]
[White "Marholev, Dimitar"]
[Black "De Lagontrie, Jean"]
[Result "1-0"]
[WhiteElo "2375"]
[BlackElo "1960"]
[PlyCount "81"]
[EventDate "2007.04.16"]

1. e4 e6 2. d4 c5 3. d5 exd5 4. exd5 d6 5. Nc3 Nf6 6. Bb5+ Nbd7 7. a4 Be7 8.
Nf3 O-O 9. h3 a6 10. Be2 b6 11. Bf4 Bb7 12. O-O Ne8 13. Bc4 Ndf6 14. Re1 Nc7
15. Nh4 Re8 16. Nf5 Bf8 17. Rxe8 Ncxe8 18. Bg5 Qd7 19. Qf3 Bc8 20. g4 h6 21.
Bh4 g6 22. Ne3 Nh7 23. Ne4 Be7 24. Bxe7 Qxe7 25. Re1 Bd7 26. Nc3 Qf8 27. Qe2
Ng5 28. Kg2 Nf6 29. Bxa6 Re8 30. Bb5 Nxh3 31. Kxh3 Bxg4+ 32. Nxg4 Rxe2 33.
Nxf6+ Kg7 34. Ne8+ Kh7 35. Rxe2 Qh8 36. Ne4 Qxb2 37. N4xd6 Qc1 38. Nf6+ Kg7 39.
Nde8+ Kf8 40. Kg2 h5 41. Re3 1-0

[Event "XXVe Open de Metz"]
[Site "Metz"]
[Date "2007.04.16"]
[Round "3.19"]
[White "Clery, Nicolas"]
[Black "Kiefer, Eric"]
[Result "1-0"]
[WhiteElo "2349"]
[BlackElo "1950"]
[PlyCount "79"]
[EventDate "2007.04.16"]

1. d4 d5 2. c4 e6 3. Nf3 Nf6 4. g3 Be7 5. Bg2 O-O 6. O-O dxc4 7. Qc2 h6 8. Qxc4
Nc6 9. Nc3 Nd5 10. Rd1 Na5 11. Qd3 Nb4 12. Qb1 Nd5 13. Bd2 Nc4 14. Be1 Bb4 15.
Qc2 Bxc3 16. Bxc3 Nxc3 17. Qxc3 Nb6 18. Rac1 c6 19. Ne5 Bd7 20. e3 Be8 21. Nd3
Qe7 22. Qc5 Qd8 23. b4 Rb8 24. a3 g5 25. Qc2 f6 26. Nc5 Qe7 27. a4 Kg7 28. e4
Bg6 29. Qc3 h5 30. Bh3 g4 31. Bg2 Rh8 32. Re1 Bf7 33. d5 cxd5 34. exd5 e5 35.
d6 Qxd6 36. Red1 Qf8 37. a5 Nc4 38. Bd5 Nd6 39. Bxf7 Nxf7 40. Ne6+ 1-0

[Event "XXVe Open de Metz"]
[Site "Metz"]
[Date "2007.04.16"]
[Round "3.20"]
[White "Steininger, Denis"]
[Black "Aguettaz, Maxime"]
[Result "1/2-1/2"]
[WhiteElo "1983"]
[BlackElo "2329"]
[PlyCount "85"]
[EventDate "2007.04.16"]

1. e4 c5 2. Nf3 Nf6 3. Nc3 Nc6 4. Bc4 e6 5. O-O d5 6. exd5 exd5 7. Re1+ Be7 8.
Bb5 O-O 9. d4 Bg4 10. dxc5 Bxc5 11. h3 Bh5 12. g4 Bg6 13. Bxc6 bxc6 14. Ne5 Qc7
15. Bf4 Bd6 16. Nxg6 hxg6 17. Bxd6 Qxd6 18. Ne4 Qb4 19. Nxf6+ gxf6 20. c3 Qb6
21. Re3 Rfe8 22. Qd2 Re5 23. Rae1 Rae8 24. b4 c5 25. bxc5 Qxc5 26. Qd4 Qxd4 27.
cxd4 R5e6 28. Kg2 Kg7 29. Kf3 g5 30. Rc1 Rh8 31. Rxe6 fxe6 32. Rc7+ Kg6 33. Kg3
Rb8 34. Rxa7 Rb2 35. Kf3 f5 36. gxf5+ Kxf5 37. Ra3 Rb4 38. Rd3 Ra4 39. a3 Rc4
40. Ke3 Ra4 41. Kf3 Rc4 42. Ke3 Ra4 43. Kf3 1/2-1/2

[Event "XXVe Open de Metz"]
[Site "Metz"]
[Date "2007.04.16"]
[Round "3.29"]
[White "Vaillant, Stéphane"]
[Black "Bazille, Reynald"]
[Result "1-0"]
[WhiteElo "2044"]
[BlackElo "1850"]
[PlyCount "70"]
[EventDate "2007.04.16"]

1. d4 e6 2. Nf3 d5 3. c4 Nf6 4. Nc3 c6 5. cxd5 exd5 6. Bg5 Nbd7 7. e3 Be7 8.
Bd3 h6 9. Bh4 O-O 10. Qc2 b6 11. O-O Re8 12. Rab1 Bb7 13. b4 Ne4 14. Bxe7 Qxe7
15. Qb3 Ndf6 16. h3 Red8 17. a4 a6 18. Rfc1 Re8 19. Qc2 b5 20. a5 Nxc3 21. Qxc3
Ne4 22. Bxe4 Qxe4 23. Ne5 Qf5 24. Qc2 Qe6 25. Rb3 Qd6 26. Qc5 Qxc5 27. Rxc5 Re6
28. Rc1 f6 29. Nd3 Rae8 30. Nc5 R6e7 31. Nxb7 Rxb7 32. Rxc6 Ra7 33. Rbc3 Kf7
34. R3c5 Rd8 35. Rb6 Rda8 1-0

[Event "XXVe Open de Metz"]
[Site "Metz"]
[Date "2007.04.16"]
[Round "3.35"]
[White "Bormann, Marco"]
[Black "Hartmann, Dominique"]
[Result "0-1"]
[WhiteElo "1499"]
[BlackElo "1977"]
[Annotator "Bormann,Marco"]
[PlyCount "58"]

1. Nf3 c5 2. g3 Nf6 3. Bg2 Nc6 4. O-O e5 5. d3 d5 6. e4
dxe4 7. dxe4 Bg4 8. Qxd8+ Rxd8 9. Bg5 Be7 10. Nc3 O-O 11. a3 Bxf3 12. Bxf6 Bxg2
13. Bxe7 Bxf1 14. Bxf8 Kxf8 15. Kxf1 Rd2 16. Rc1 Nd4 17. Na4 b6 18. c3 Nf3 19.
Kg2 Ng5 20. Re1 Ne6 21. c4 Rc2 22. Rd1 Rxc4 23. Nc3 Rd4 24. Rxd4 exd4 25. Nd5
c4 26. f4 Nc5 27. Nb4 Na4 28. b3 cxb3 29. Nd3 b2 0-1